| 000 | 00000nam##2200000za#4500 |
| 001 | 9.661796 |
| 003 | CaOODSP |
| 005 | 20200330131010 |
| 007 | ta |
| 008 | 150407|2000||||xxc||||| f|0| 0 fre|d |
| 020 | |a0-662-64922-2 |
| 040 | |aCaOODSP|bfre |
| 041 | |aeng |
| 041 | |afre |
| 043 | |an-cn--- |
| 086 | 1 |aEn105-57/2000 |
| 110 | 1 |aCanada. |bAgence canadienne d'évaluation environnementale. |
| 245 | 10|aOeuvre au profit de l'environnement du Canada |
| 260 | |aOttawa - Ontario : |bAgence canadienne d'évaluation environnementale |c2000. |
| 300 | |aTexte français, 14p. ; |c23 cm. |
| 500 | |a«Les prochaines pages tracent les grandes lignes de quelques-unes de nos réalisations de l'année dernière ainsi que de nos engagements pour l'année à venir. Les réalisations et les engagements sont regroupés sous quatre points: Promouvoir des évaluations environnementales de grande qualité; Améliorer les relations coopératives avec les autres instances; Améliorer les relations coopératives avec les autres; Forger des relations de partenariat avec les parties intéressées; Mener un examen approfondi de la Loi.»--Page 3. |
| 520 | 3 |aLes prochaines pages tracent les grandes lignes de quelques-unes de nos réalisations de l'année dernière ainsi que de nos engagements pour l'année à venir. Les réalisations et les engagements sont regroupés sous quatre points: Promouvoir des évaluations environnementales de grande qualité; Améliorer les relations coopératives avec les autres instances; Améliorer les relations coopératives avec les autres; Forger des relations de partenariat avec les parties intéressées; Mener un examen approfondi de la Loi.--Page 3 |
| 546 | |aBilingue |
| 563 | |aDépliant |
| 590 | |a00-20|b2000-05-19 |
| 691 | 07|aÉvaluation environnementale|2gcpds |
| 776 | 0#|tL'Agence canadienne d'évaluation environnementale - oeuvre au profit de l'environnement du Canada |w(CaOODSP)9.639914 |
| 776 | 0#|tCanadian Environmental Assessment Agency - working for Canada's environment |w(CaOODSP)9.695825 |
| 791 | |tWorking for Canada's environment |eeng|w(CaOODSP)9.661795 |